| 000 | 01280nam a2200325 a 4500 | ||
|---|---|---|---|
| 003 | AR-BaBNM | ||
| 005 | 20251128204032.0 | ||
| 008 | 082120s2002 ||||||||||||||000 | spa|| | ||
| 020 | _a950-43-0309-9 | ||
| 040 | _cAR-BaBNM | ||
| 110 | 2 | _aUniversidad del Norte Santo Tomás de Aquino, Católica de Tucumán | |
| 245 | 0 | 0 | _aSimposio internacional sobre informática y educación |
| 250 | _a1ª ed. | ||
| 260 |
_aBuenos Aires _bUniversidad del Norte Santo Tomás de Aquino Católica de Tucumán _bEstrada _c1985 |
||
| 300 |
_a341 p. _btablas, diagr. |
||
| 500 | _aContiene ponencias sobre la relación entre informática y educación en los distintos niveles de la enseñanza | ||
| 500 | _aIILA: Instituto Italo Latino Americano | ||
| 500 | _aIBI: Oficina Intergubernamental para la Informática | ||
| 500 | _aI.C.I.: Instituto de Cooperación Iberoamericana | ||
| 650 | 4 | _aINFORMATICA | |
| 650 | 4 | _aLENGUAJES DE COMPUTACION | |
| 650 | 4 | _aPROGRAMAS INFORMATICOS | |
| 650 | 4 | _aENSEÑANZA POR COMPUTADORA | |
| 653 | _aEDUCACION PRIMARIA | ||
| 653 | _aEDUCACION SECUNDARIA | ||
| 653 | _aEDUCACION SUPERIOR | ||
| 711 | 2 |
_aSimposio internacional sobre informática y educación _cSan Miguel de Tucumán, Argentina _dabr.-mayo _d1984 |
|
| 942 | _cBK | ||
| 998 | _cSILVI | ||
| 999 |
_c5896 _d5896 |
||